Normal view
MARC view
- Anthony j. Buoicore
Entry Personal Name
001 - CONTROL NUMBER
- control field: 127431
003 - CONTROL NUMBER IDENTIFIER
- control field: NUST
005 - DATE AND TIME OF LATEST TRANSACTION
- control field: 20250109100223.0
008 - FIXED-LENGTH DATA ELEMENTS
- fixed length control field: 250109|| aca||aabn | a|a d
040 ## - CATALOGING SOURCE
- Original cataloging agency: NUST
- Transcribing agency: NUST
100 ## - HEADING--PERSONAL NAME
- Personal name: Anthony j. Buoicore
670 ## - SOURCE DATA FOUND
- Source citation: Work cat.: (NUST): Anthony j. Buoicore, Air Pollution Engineering Manual, 1992.
